Mi francés en la universidad: test de evaluación, nivel B2-CECRL
Kaydedildi:
| Yazar: | |
|---|---|
| Materyal Türü: | Kitap |
| Dil: | Fransızca |
| Baskı/Yayın Bilgisi: |
Santiago
Universidad Metropolitana de Ciencias de la Educación
2006
|
| Edisyon: | 1a. ed |
| Seri Bilgileri: | Colección Diumce, 6
|
| Konular: | |
| Etiketler: |
Etiketle
Etiket eklenmemiş, İlk siz ekleyin!
|
MARC
| LEADER | 00000nam a2200000 a 4500 | ||
|---|---|---|---|
| 001 | UCG4651 | ||
| 003 | CL-VaPUC | ||
| 008 | 101118e20060000CL |||||||||||||||||fre|d | ||
| 020 | |a 9567062218 | ||
| 082 | 0 | 4 | |a 440 |b DIA |2 21 |
| 100 | 0 | |a Díaz Díaz, Olga María |e author |9 554030 | |
| 245 | 1 | 0 | |a Mi francés en la universidad: test de evaluación, nivel B2-CECRL |
| 250 | |a 1a. ed | ||
| 300 | |a 443 p | ||
| 942 | |c BK | ||
| 945 | |d 20101118 00:00:00 |a mfarfan | ||
| 260 | |a Santiago |b Universidad Metropolitana de Ciencias de la Educación |c 2006 | ||
| 650 | 7 | |a FRANCES |2 CL-VaPUC |9 259059 | |
| 650 | 0 | |a Lengua francesa |9 455703 | |
| 650 | 0 | |a Evaluación |9 271902 | |
| 650 | 0 | |a Comprensión |9 339377 | |
| 583 | |a last modification |c 20101118 00:00:00 |k Rodrigo Vera | ||
| 490 | 0 | |a Colección Diumce, 6 | |
| 999 | |c 343322 |d 343320 | ||
| 952 | |0 0 |1 0 |4 0 |6 440_000000000000000_DIA_2006 |7 0 |8 A |9 440549 |a BIBTEO |b BIBTEO |d 2019-11-22 |i 4735757 |o 440 DIA 2006 |p 4735757 |r 2025-01-17 |w 2019-11-22 |y BK |k ICR | ||